La sabiduría de los mitos : (Registro nro. 14448)

000 -CABECERA
campo de control de longitud fija 01674nam a2200349 i 4500
003 - IDENTIFICADOR DEL NÚMERO DE CONTROL
campo de control CO-MqBPB
005 - FECHA Y HORA DE LA ÚLTIMA TRANSACCIÓN
campo de control 20220823112724.0
007 - CAMPO FIJO DE DESCRIPCIÓN FÍSICA--INFORMACIÓN GENERAL
campo de control de longitud fija ta
008 - DATOS DE LONGITUD FIJA--INFORMACIÓN GENERAL
campo de control de longitud fija 210831s2019 ck a br6 000 1 spa d
020 ## - NÚMERO INTERNACIONAL ESTÁNDAR DEL LIBRO
Número Internacional Estándar del Libro 9789583061769
040 ## - FUENTE DE LA CATALOGACIÓN
Centro catalogador/agencia de origen CO-MqBPB
Lengua de catalogación spa
Normas de descripción rda
Centro/agencia transcriptor CO-MqBPB
041 1# - CÓDIGO DE LENGUA
Código de lengua del texto/banda sonora o título independiente spa
Código de lengua original fre
082 ## - NÚMERO DE LA CLASIFICACIÓN DECIMAL DEWEY
Número de clasificación NG
Número de documento/Ítem FERd2
100 1# - ENTRADA PRINCIPAL--NOMBRE DE PERSONA
Nombre de persona Ferry, Luc
Fechas asociadas al nombre 1951-
Término indicativo de función/relación autor
9 (RLIN) 186709
245 13 - MENCIÓN DE TÍTULO
Título La sabiduría de los mitos :
Resto del título Las desventuras del rey Midas /
Mención de responsabilidad, etc. concebido y escrito por Luc Ferry ; traducción Maria Mercedes Correa ; guión Clotilde Bruneau ; ilustración Didier Poli
250 ## - MENCIÓN DE EDICIÓN
Mención de edición Primera edición
264 #1 - PRODUCCIÓN, PUBLICACIÓN, DISTRIBUCIÓN, FABRICACIÓN Y COPYRIGHT
Producción, publicación, distribución, fabricación y copyright Bogotá
Nombre del de productor, editor, distribuidor, fabricante Panamericana Editorial
Fecha de producción, publicación, distribución, fabricación o copyright 2020
300 ## - DESCRIPCIÓN FÍSICA
Extensión 56 páginas
Otras características físicas ilustraciones a color
Dimensiones 26 cm
336 ## - TIPO DE CONTENIDO
Fuente rdacontent
Término de tipo de contenido texto
Código de tipo de contenido txt
337 ## - TIPO DE MEDIO
Fuente rdamedia
Nombre/término del tipo de medio sin mediación
Código del tipo de medio n
338 ## - TIPO DE SOPORTE
Fuente rdacarrier
Nombre/término del tipo de soporte volumen
Código del tipo de soporte nc
490 0# - MENCIÓN DE SERIE
Mención de serie Cómic Panamericana
500 ## - NOTA GENERAL
Nota general Midas, rey de Frigia, era un monarca pusilánime y hedonista. Cierto día, tuvo la suerte de hacer algo que agradó mucho a Dioniso, quien para retribuir su favor, le ofreció concederle cualquier cosa que deseara Midas. El tonto rey pidió el don de que todo aquello que él tocase se convirtiera en oro.
521 ## - NOTA DE PÚBLICO DESTINATARIO
Nota de público destinatario Recomendado para un público infantil mayor de 9 años
534 ## - NOTA SOBRE LA VERSIÓN ORIGINAL
Mención de título del original Persée et la Gorgone Méduse
650 17 - PUNTO DE ACCESO ADICIONAL DE MATERIA--TÉRMINO DE MATERIA
Término de materia o nombre geográfico como elemento de entrada Mitología griega
Subdivisión de forma Tiras Cómicas, historietas, etc.
Fuente del encabezamiento o término LEMB
9 (RLIN) 186711
650 17 - PUNTO DE ACCESO ADICIONAL DE MATERIA--TÉRMINO DE MATERIA
Término de materia o nombre geográfico como elemento de entrada Mitología clásica
Subdivisión de forma Tiras Cómicas, historietas, etc.
Fuente del encabezamiento o término LEMB
9 (RLIN) 186712
650 17 - PUNTO DE ACCESO ADICIONAL DE MATERIA--TÉRMINO DE MATERIA
Término de materia o nombre geográfico como elemento de entrada Dioses griegos
Subdivisión de forma Tiras Cómicas, historietas, etc.
Fuente del encabezamiento o término LEMB
9 (RLIN) 186713
700 1# - PUNTO DE ACCESO ADICIONAL--NOMBRE DE PERSONA
Nombre de persona Bruneau, Clotilde
Término indicativo de función/relación guionista
9 (RLIN) 186715
700 1# - PUNTO DE ACCESO ADICIONAL--NOMBRE DE PERSONA
Nombre de persona Poli, Didier
Término indicativo de función/relación ilustrador
9 (RLIN) 186716
942 ## - ELEMENTOS DE PUNTO DE ACCESO ADICIONAL (KOHA)
Tipo de ítem Koha Libro Literatura
Fuente del sistema de clasificación o colocación
Existencias
Estado de retiro Estado de pérdida Fuente del sistema de clasificación o colocación Estado dañado No para préstamo Localización permanente Ubicación/localización actual Fecha de adquisición Fuente de adquisición Número de inventario Total de préstamos Renovaciones totales Signatura topográfica completa Código de barras Fecha visto por última vez Fecha del último préstamo Número de copia Precio válido a partir de Tipo de ítem Koha Nota pública Restricciones de uso Código de colección Ubicación en estantería
          Biblioteca Pública San Juan Bosco Biblioteca Pública San Juan Bosco 23/08/2022 Compra BPSJBM 2022 NT 6 1 NG FERd2 MOS502590 11/04/2025 25/03/2025 EJ. 1 23/08/2022 Libro Literatura Cinco días      
          Biblioteca Pública San Juan Bosco Biblioteca Pública San Juan Bosco 13/02/2026 Compra 2025 NT     NG FERd MOS504587 13/02/2026   EJ. 2 13/02/2026 Libro Literatura Quince dias Procesos Técnicos Literatura Juvenil Literatura

© Todos los derechos reservados para la Biblioteca Pública Municipal San Juan Bosco, 2020
Secretaria de Cultura de Mosquera
Carrera 3 N° 10 Esquina Centro Cultural Barrio El Carmén Teléfono: 8270830 Ext: 34
Funcionando con KOHA
Contacto: Biblioteca Pública Municipal San Juan Bosco/ bibliotecasanjuanbosco@mosquera-cundinamarca.gov.co
Mosquera, Cundinamarca